000 00985cam a2200301 a 4500
001 000015744
003 DO-SdBNP
005 20251029112308.0
008 911016s1984 ve 001 0 spa d
035 _a(DLC) 91205507
035 _a(OCoLC)13812772
040 _aDO-SdBNP
_cDLC
_dDLC
_dBNPHU
042 _alccopycat
043 _as-ve---
049 _aBNGR
082 _a016.655187
_bD772i
100 1 _aDrenikoff, Iván.
_95072
245 1 0 _aImpresos venezolanos del siglo XIX /
_cIván Drenikoff.
260 _aCaracas :
_bInstituto Autónomo Biblioteca Nacional y de Servicios de Bibliotecas,
_c1984.
300 _a238 p. ;
_c21 cm.
500 _aIncluye índices.
650 4 _aBibliografías
_zVenezuela
_935422
650 4 _aImprenta
_xHistoria
_xVenezuela
_935423
650 4 _aImprenta
_xHistoria
_xOrigen y antecedentes
_935424
650 4 _aBibliografía
_xPrimeros libros impresos
_xSiglo xvi
_935425
910 _aCatalogación por copia / LC
942 _2ddc
_cLBS1
999 _c15294
_d15294